000 00827nam a22002537a 4500
005 20130712115152.0
010 _aENG-104966
020 _a9788120344853
_c795.00
035 _aEN-88499
035 _aB-490985-986
037 _bDBAD/PUB
037 _bOcean Books/Ven
_adpl
082 _a339
100 _aBarro, Robert J.
245 _aMacroeconomics /
_cby Robert J. Barro
250 _a5th ed
260 _aNew Delhi
_bPHI Learning
_c2012
270 _aM-97, Connaught Circus
_bNew Delhi
_e110001
300 _a867p. :
_bill.
_c24cm(pbk)
500 _aIncludes bibliographical references (p. [808]-821) and indexes.
650 _aMacroeconomics.
942 _2ddc
_cEN
_h339
_mBAR
999 _c64895
_d64895